00624nam a2200169Ia 4500008004100000020001800041041000800059082001700067100003400084245010700118250000600225260003900231300001100270650002800281999001900309952012600328210716s2012 xx 000 0 und d a9788178299204 aeng a658.322 GERB aGerhart, Barry;Rynes, Sara L. aCompensation: theory evidence and strategic implications.bTheory evidence and strategic implications. a1 aNew DelhibSage Publicationsc2012 aix,310 aCompensation & Benefits c207888d207888 001040708MBAaAIMITbAIMITd2013-02-04g375.00l0o658.322 GERBpMBA10454r2026-05-23 00:00:00v281.25w2021-07-16yBK